Svet zostáva krásny, iný ani nemáme

Bibliographic Details
Main Authors: Jaslovský, Marian, 1963- (Author, Interviewer), Bakoš, Oliver, 1953- (Author)
Format: Article
Language:Slovak
PhysicalDescription:Fotogr.
ISSN:1335-440X
Subjects:

MARC

LEADER 00000nab a2200000 ar4500
001 vtls009525980
003 SK-MaSNL
005 20260303060556.0
008 090615c20090516xo dr|n|||||||000 b|slo
015 |a SNBRB2009/06  |2 snkbucl 
040 |a SNKBUCL  |b slo  |c SNKBUCL  |e AACR2 
041 0 |a slo 
044 |a xo  |c SK 
080 |a 111.85  |2 2001 
080 |a 7.01  |2 2001 
080 |a 929 Bakoš, Oliver  |2 2001 
100 1 |a Jaslovský, Marian,  |d 1963-  |4 ivr  |4 aut  |9 102033 
245 1 0 |a Svet zostáva krásny, iný ani nemáme  |c Marian Jaslovský, Oliver Bakoš 
300 |b Fotogr. 
500 |a Biogr. údaje 
600 1 7 |a Bakoš, Oliver,  |d 1953-  |2 snkbucl  |9 102432 
650 0 7 |a krása  |2 snkbucl  |9 30889 
650 0 7 |a umenie  |2 snkbucl  |9 1060 
655 7 |a rozhovory  |2 snkbucl  |9 31831 
700 1 |a Bakoš, Oliver,  |d 1953-  |4 ive  |4 aut  |9 102432 
773 0 |t Sme  |g Roč. 17, č. 111 (16.5.2009)  |x 1335-440X 
773 0 8 |i Príl.:  |t Víkend  |g S. [17] a 19 
852 |a SNK  |b KIS3GCP 
958 |a SK 
958 |a BX 
999 |c 1731994  |d 1733924